• 首页
  • 本馆介绍
  • 公告通知
  • 最新文献
  • 馆藏检索
  • 电子资源
  • 读者导购
  • 参考咨询
  • 我的图书馆
  • 登录
  • 详细信息显示
  • 放入我的书架
  • 预约/预借图书
  • 作者相关作品
  • 分类相关作品
  • 丛书相关作品
  • 出版社相关作品

书目信息

  • 表格格式
  • 工作单格式
  • 卡片格式
题名:
能源环境系统工程概论
    
 
作者: 方梦祥 , 金滔 , 周劲松 编
分册:  
出版信息: 北京   中国电力出版社  2021.1
页数: 215页
开本: 26cm
丛书名:
单 册:
中图分类: TK01 , X24
科图分类:
主题词: 能源--环境影响--系统工程--高等教育--教材 , 能源 , 环境影响 , 系统工程
电子资源:
ISBN: 978-7-5083-8555-6
000 01087nam0 2200313 45
001 012001002625
005 20141008093815.0
010    @a978-7-5083-8555-6@dCNY35.00
100    @a20090825d2009 em y0chiy50 ea
101 0  @achi
102    @aCN@b110000
105    @aa z 000yy
106    @ar
200 1  @a能源环境系统工程概论@Aneng yuan yu huan jing xi tong gong cheng gai lun@b专著@f方梦祥,金滔,周劲松编
210    @a北京@c中国电力出版社@d2021.1
215    @a215页@c图@d26cm
300    @a普通高等教育“十一五”国家级规划教材
330    @a本书介绍系统工程的基本知识和环境与能源系统的基本理论、能源资源利用技术和现状、制冷技术和引起的能源环境问题、各种环境污染物和控制技术、系统工程的方法分析能源与环境问题等。
606 0  @a能源@x环境影响@x系统工程@x高等教育@j教材
606 0  @a能源
606 0  @a环境影响
606 0  @a系统工程
690    @aTK01@v4
690    @aX24@v4
701  0 @a方梦祥@Afang meng xiang@4编
701  0 @a金滔@Ajin tao@4编
701  0 @a周劲松@Azhou jin song@f(1970~)@4编
801  2 @aCN@bBJSDL@c20211018
905    @b1344521-4@dTK01@e192@f4
    
    能源环境系统工程概论/方梦祥,金滔,周劲松编.-北京:中国电力出版社,2021.1
    215页:图;26cm
    普通高等教育“十一五”国家级规划教材
    
    ISBN 978-7-5083-8555-6:CNY35.00
    本书介绍系统工程的基本知识和环境与能源系统的基本理论、能源资源利用技术和现状、制冷技术和引起的能源环境问题、各种环境污染物和控制技术、系统工程的方法分析能源与环境问题等。
●
相关链接 在E读中查询图书 在五车中查询图书 在当当中查询图书 在豆瓣中查询图书


正题名:能源环境系统工程概论     索取号:TK01/192         预约/预借

序号 登录号 条形码 馆藏地/架位号 状态 备注
1 1344521   213445217   第二样本阅览室/ [索取号:TK01/192] 在馆    
2 1344522   213445226   第三借阅区/ [索取号:TK01/192] 在馆    
3 1344523   213445235   第三借阅区/ [索取号:TK01/192] 在馆    
4 1344524   213445244   第三借阅区/ [索取号:TK01/192] 在馆    
唐山师范学院图书馆 欢迎您!
大连网信软件有限公司© 版权所有